Statistics for Don't Stop - 5 Seconds of Summer (All Lyrics)

Click here to take the quiz!

General Stats

  • This quiz has been taken 295 times
  • The average score is 368 of 397

Answer Stats

Don't Stop% Correct
don't
100%
ChorusDon't
100%
stop
100%
a
99%
Doing
99%
doing
99%
I
99%
it
99%
It
99%
You
99%
you
99%
know
98%
me
98%
the
98%
what
98%
your
98%
and
97%
And
97%
Every
97%
every
97%
like
97%
time
97%
that
96%
That
96%
to
96%
you're
96%
Verse 1 | Verse 2You're
96%
Cause
95%
cause
95%
for
94%
got
94%
when
92%
beat
91%
harder
91%
move
91%
gets
90%
Pre-ChorusBut
89%
on
89%
then
89%
in
88%
make
88%
mine
88%
take
88%
we
88%
All
87%
all
87%
I'm
87%
i'm
87%
want
87%
way
87%
kind
86%
of
86%
oh
86%
room
86%
some
86%
walk
86%
eyes
85%
gonna
85%
holiday
85%
home
85%
find
84%
run
84%
thinking
84%
tonight
84%
away
83%
everybody
83%
have
83%
now
83%
number
83%
phone
83%
could
82%
where
82%
it's
81%
It's
81%
said
81%
wants
81%
let
80%
getting
78%
late
78%
tell
78%
can
77%
perfection
77%
there
77%
asked
74%
gotta
74%
taste
73%
close
72%
I'll
71%
can't
68%
tied
67%
tongue
67%
coming
66%
push
66%
swear
66%
day
65%
loving
64%
escape
63%
same
63%
Back
61%
off
58%
play
57%
this
57%
games
54%
Kinda
53%
round
43%
fourth
35%

Score Distribution

Percentile by Number Answered

Percent of People with Each Score

Your Score History

You have not taken this quiz